000 00331cam a2200145ua 4500
001 5582
008 140104n II |||gr||||Z||||||eng
040 _aMAIN
041 _aEnglish
082 _a491.4509 SIN
100 _aSINGHA , RAGHUBIR.
245 _aRELIGION AND CULTURE OF NE INDIA
653 _aAsamar Sanskriti
942 _cBK
999 _c5567
_d5567